000 00642nam a2200265Ia 4500
005 20260121165018.0
008 008 260114s9999 xx 000 0 eng d
020 _a9781137506214
037 _aEBOOK
040 _aCRL
040 _beng
040 _cCRL
041 _2eng
041 _aeng
084 _qCRL
100 _aJudith Baxter, Haleema Al A'ali
_91046439
245 0 _aSpeaking as Women Leaders
260 _bSpringer
260 _bSpringer
260 _c2016
856 _uhttps://link.springer.com/openurl?genre=book&isbn=978-1-137-50621-4
942 _cEBOOK
999 _c1612164
_d1612164